000 00318 a2200157 4500
001 177714
020 _a
040 _cMagnum
100 _aMachado,ana Maria
240 1 0 _aBesouro e prata
_lpor
245 1 0 _aBesouro e prata
362 0 _a1899
440 1 _aÁtica
697 _aMAGNITO: I/ANIMAIS
942 _cBK
999 _c177714
_d177714